| 000 | 02157nam0a22004211 4500 | ||
|---|---|---|---|
| 001 | v19\rc\2039424 | ||
| 005 | 20260407121537.0 | ||
| 035 | _a(NLR Aleph) 005274239 | ||
| 090 |
_a6031696 _c6031696 |
||
| 100 | _a20080925d1917 u y0rusy50 ca | ||
| 101 | 0 | _arus | |
| 102 | _aRU | ||
| 105 | _ab z ||||| | ||
| 200 | 1 |
_aКолонизационные задачи в районе мурманской жел. дороги _fсост.: В.И. Рубинский _gМ-во зем. Переселенч. упр. |
|
| 210 |
_aБлаговещенск _cЭэлектро-типография Войскового правл. Амур. казачьего войска _d1917 |
||
| 215 |
_a[4], 72 с., 1 л. карт. _d25 |
||
| 532 | 1 | 2 | _aКолонизационные задачи в районе мурманской железной дороги |
| 607 |
_aОлонецкая губерния _xНародное хозяйство _yКонец 19 - нач. 20 вв. _92167794 _3RU\NLR\AUTH\6601540935 |
||
| 607 |
_aАрхангельская губерния _xНародное хозяйство _zкон. 19 в. - нач. 20 в. _92122686 _3RU\NLR\AUTH\661585311 |
||
| 617 |
_aРоссия _mЕвропейская часть _mСеверо-Запад _cОлонецкая губерния |
||
| 617 |
_aРоссия _mЕвропейская часть _mСевер _cАрхангельская губерния |
||
| 686 | _aУ03(2)53 | ||
| 686 | _aУ03(2)71 | ||
| 686 | _aТ3(2Р-4Арх)52-2 | ||
| 700 | 1 |
_4220 _4220 _aРубинский _bВ.И. _gВладимир Иванович _9127768 _3RU\NLR\AUTH\770127793 |
|
| 712 | 0 | 1 |
_4570 _aРоссия _bПереселенческое управление _3RU\NLR\AUTH\889955728 _9407571 |
| 712 | 0 | 2 |
_4570 _aМурманская железная дорога _3RU\NLR\AUTH\8810008617 _9514987 |
| 801 | 0 |
_aRU _bNLR _gpsbo |
|
| 801 | 0 |
_aRU _bRuMoRGB _2psbo |
|
| 801 | 1 |
_aRU _bProSoft-M _2rusmarc |
|
| 801 | 2 |
_aRU _bNLR _c20091106 _2rusmarc |
|
| 852 |
_aNLR _jЭк50/В-8/10 |
||
| 899 |
_aRuMoRGB _jT 64/976 |
||
| 899 |
_aRuMoRGB _jU 264/115 |
||
| 899 | _aНБ СПбГУ | ||
| 899 | _aГПИБ | ||
| 942 | _cBOOK | ||
| 980 | _aNB | ||